000 00367nam a2200145Ia 4500
999 _c14399
_d14399
003 OSt
005 20260401121742.0
008 260210s9999 xx 000 0 und d
020 _a9780727741066
082 _a624.17
100 _aStavridis
245 0 _aStructural Systems: Behaviour And Design Vol. 1: Plane Structural Systems
260 _bTTL
942 _cUG
_2ddc